000 00578nam a2200193 a 4500
001 001017519
003 AM-YeHGA
005 20250617160932.0
008 140513s1922 gs r 000 0 rus d
040 _aAM-YeHGA
041 0 _arus
100 1 _aЮст, Константин
245 1 0 _aАнатолийская печать /
_cК. Юст.
260 _aТифлис :
_bЗаккрайком РКП,
_c1922.
300 _a213 с. ;
_c27 см.
650 1 4 _aПериодическая печать
653 0 _aАнатолийская печать
090 _c465873
999 _c462693
_d462693